000 00862nam a2200241 a 4500
001 000021013
005 20200930011218.0
008 100830s2002 dr 000 0 spa d
040 _aDO-SdBNP
_bspa
_cBNPHU
082 _a306.461
_bD542a, 2002
100 1 _aDíaz, José
_99448
245 1 0 _aAlgo más que salud :
_b1988-1991 /
_cJosé Díaz.
250 _a2a. ed.
260 _aSanto Domingo :
_bMediabyte,
_c2002.
300 _a306 p. ;
_c22 cm.
500 _aIncluye datos biográficos del autor en la contracubierta
590 _aInventariado,2018/DG
650 4 _aMedicina social
_vENSAYOS, CONFERENCIAS, ETC.
_918805
650 4 _aDiarios dominicanos
_vSECCIONES, COLUMNAS, ETC.
_918806
710 0 _aEl Nacional (República Dominicana)
_918807
710 0 _aEl Nuevo Diario (República Dominicana)
_943971
910 _aValidado. Control de calidad EMS.
999 _c20516
_d20516